00714nam a22001937a 450000500170000001000150001702000260003203500140005803700090007208200080008110000280008924500580011726000890017527000660026430000220033094200220035299900190037495201270039320250704103530.0 aENG-145663 a9789390569496c375.00 aEN-129195 bDBAD a280 aThekkekkara Biju982566 aPresentation of Jesus to the Lord /cBiju Thekkekkara aKashmiri Gate, DelhibIndian Society for Promoting Christian Knowledge (ISPCK)c2021 a1654 madarsa road, Kashmiri Gate, DelhibDelhi-110006e110006 a271p.c22.8cm(pb) 2ddccENh280mThe c212067d212067 001040718NFICaDBADbDBADd2025-07-04eDBADg375.00l0o280 ThepEN-129195r2025-07-04 00:00:00v375.00w2025-07-04yEN